008930000a220010900045001000021000002450083000213000033001045000024001375200592001616500013007537730017007661 aZapata, Rodrigo.10aImportar es un proceso internacional de cuidado, pero de muchas oportunidades. ano.11 (sep. , 2009),p.35-40q aUbicación: varios aPara épocas donde la competencia ya no es local sino global el empresario debe no sólo buscar oportunidades de mercado para crecer la empresa, sino que algunos empresarios que se surten de productos nacionales pueden dar una mirada al exterior para buscar nuevos proveedores con finalidades muy claras de calidad, precio y entregas para mantenerse competitivo en el mercado nacional e internacional y con el control preciso de las importaciones; una vez se encuentren esos nuevos proveedores se puede lograr la manutención del producto en el mercado y el crecimiento de la empresa.14aCOMERCIO0 tRevista Quid